000 01479cab a2200265Ia 45 0
001 u202425
003 SIRSI
008 120920s2008 ua ss b ara d
040 _aEAL
041 _aara
_beng
090 _aART JARKU V34 No3 20
100 1 _aعاتى، آلاء صالح.
240 1 0 _aJournal of agricultural research Kafrelsheikh Univeristy, 2008 v. 34 (3)
_h[electronic resource].
245 1 0 _aتأثير التكوين المعدنى والنسجة (القوام) على تكوين القشرة السطحية
_h[مصدر إلكترونى].
246 1 5 _aEffect of soil mineralogy and texture on crust formation.
300 _aص.892-909.
504 _aيحتوى على مراجع.
520 _aالهدف من الدراسة الحالية هو تبيان تأثير التكوين المعدنى ونسجة التربة فى تكوين القشرة السطحية . جمعت عينات تربة من مواقع تختلف فى طوبغرافيتها (منخفضة ومستوية). اذ قسمت العينات الى طبقة سطحية (القشرة) وتحت سطحية كل على حدة.
546 _aملخص باللغة الأنجليزية.
650 7 _aتقشير التربة
_2qrmak.
650 7 _aالمعادن
_2qrmak.
773 0 _tJournal of Agricultural Research Kafrelsheikh Univeristy.
_g2008.v.34(3)
_x1110-032X
_7nnas
_wu191359
856 4 0 _uhttp://nile.enal.sci.eg/EALE/2008/JARKU/3408/3/892a.pdf
_zFull Text Artical
596 _a1
942 _cAR
_2lcc
999 _c54310
_d54310